初音ミクが歌うボカロドボンクイズ - Statistics

General Stats
  • This quiz has been taken 1,246 times
  • The average score is 7 of 23
Answers on the Grid
Answers color-coded by a green-red scale on the quiz's grid according to % correct below.
メズマライザー
生きる
だめにんげんだ!
キャットラビング
電気予報
天ノ弱
セツナトリップ
アイデンティティ
パンダヒーロー
みむかゥわナイストライ
好きな惣菜発表ドラゴン
黒塗り世界宛て書簡
抜錨
ワールズエンド・ダンスホール
ハッピーシンセサイザ
1000年生きてる
ベノム
炉心融解
アスノヨゾラ哨戒斑
IMAWANOKIWA
ロストアンブレラ
少女A
愛して愛して愛して
ロストワンの号哭
混沌ブギ
モニタリング
神のまにまに
転生林檎
ビターチョコデコレーション
春嵐
バグ
少女レイ
ねぇねぇねぇ。
エゴイスト
ウミユリ海底譚
ノンブレス・オブリージュ
ラヴィット
命に嫌われている。
すろぉもぉしょん
ジェヘナ
 
Answer Stats
Answer % Correct
メズマライザー
49%
モニタリング
46%
転生林檎
44%
みむかゥわナイストライ
40%
愛して愛して愛して
36%
ウミユリ海底譚
35%
ワールズエンド・ダンスホール
32%
少女レイ
32%
ねぇねぇねぇ。
31%
ノンブレス・オブリージュ
30%
命に嫌われている。
30%
混沌ブギ
28%
すろぉもぉしょん
28%
ビターチョコデコレーション
27%
バグ
27%
春嵐
26%
神のまにまに
25%
ラヴィット
25%
アイデンティティ
22%
ジェヘナ
22%
1000年生きてる
19%
IMAWANOKIWA
17%
電気予報
14%
No matching quizzes found
Score Distribution
Percent of People with Each Score
Percentile by Number Answered
Your Score History
You have not taken this quiz